Hangzhou Metro Stations - Statistics

General Stats
  • This quiz has been taken 21 times
  • The average score is 67 of 260
Answer Stats
Answer % Correct
Longxiangqiao
71%
East Railway Station
65%
Fengqi Road
65%
Xianghu
65%
Jinjiang
59%
Xiaoshan International Airport
59%
Chaoyang
53%
Chengzhan
53%
Liangzhu
53%
Sanba
53%
West Railway Station
53%
Wulinmen
53%
Wulin Square
53%
Citizen Center
47%
Ding'an Road
47%
Huanglong Sports Center
47%
Puyan
47%
Qianjiang Road
47%
Qibao
47%
Shentangqiao
47%
West Lake Cultural Square
47%
Coach Center
41%
East Railway Station (East Square)
41%
Guniangqiao
41%
Liubao
41%
Olympic Sports Center
41%
Pengbu
41%
Sanbao
41%
South Wenhai Road
41%
Wushan Square
41%
Xinfeng
41%
Xueyuan Road
41%
Binkang Road
35%
Caojiaqiao
35%
Chihua Street
35%
Datieguan
35%
Dufucun
35%
Dunxiang Street
35%
Fengtan Road
35%
Gaosha Road
35%
Goujulong
35%
Gucui Road
35%
Hangxing Road
35%
Hangyang
35%
Haoyun Street
35%
Hemu
35%
Huanglong Cave
35%
Jiangcheng Road
35%
Jianqiao Old Street
35%
Jianshesan Road
35%
Jingfang
35%
Jinjiadu
35%
Jinshahu
35%
Jinxing
35%
Liming
35%
Lvting Road
35%
Mingshi Road
35%
Nanxingqiao
35%
North Jianguo Road
35%
North Zhonghe Road
35%
People's Square
35%
Pingshui Street
35%
Qianjiang Century City
35%
Qiaosi
35%
Qingchun Square
35%
Qingling Road
35%
Sandun
35%
Shima
35%
South Railway Station
35%
Wan'an Bridge
35%
Wenxin
35%
Wubao
35%
Xialongwei
35%
Xianing Bridge
35%
Xiashajiangbin
35%
Xixing
35%
Yangjiadun
35%
Zhalongkou
35%
Asian Games Village
29%
Baiyang
29%
Beida Bridge
29%
Binhe Road
29%
Bo'ao Road
29%
Changhe
29%
Chengxing Road
29%
Chuangjing Road
29%
East Gongchen Bridge
29%
Expo Center
29%
Feihong Road
29%
Fuxing Road
29%
Gaotingba
29%
Gudang
29%
Gudun Road
29%
Hangfachang
29%
Houchaomen
29%
Jiangcun
29%
Jianghan Road
29%
Jiangjin Road
29%
Jiangling Road
29%
Jiansheyi Road
29%
Lianzhuang
29%
Linping
29%
Liuxia
29%
Long'an
29%
Nanyuan
29%
North Xixi Wetland
29%
Panshui
29%
Ping'an Bridge
29%
Qingshanhu
29%
Shanxian
29%
Shuicheng Bridge
29%
South Huazhong Road
29%
South Qiaosi
29%
South Xixi Wetland
29%
Tanhua'an Road
29%
Taoyuan Street
29%
The Grand Canal
29%
Wengmei
29%
Wensan Road
29%
Wenze Road
29%
West Fenghua Road
29%
West Xiasha
29%
Wuchang
29%
Wujiang Road
29%
Xiangji Temple
29%
Xiaoheshan
29%
Xintang
29%
Xintiandi Street
29%
Xiwen Street
29%
Yunshui
29%
Zhejiang Chinese Medical University
29%
Zijingang Campus Zhejiang University
29%
Baoshan Bridge
24%
Cangqian Campus Hangzhou Normal University
24%
Chengye Road
24%
Daguan
24%
Dongxinyuan
24%
East Nanhu
24%
Fengbei
24%
Gexiang
24%
Guanyintang
24%
Gudang Xincun
24%
Jianghui Road
24%
Jianye Road
24%
Jinji Road
24%
Jucai Road
24%
Liangmu Road
24%
Middle Tonghui Road
24%
Mingxing Road
24%
Moyetang
24%
Nanhu
24%
Nanyang
24%
North Yucai Road
24%
Shuangpu
24%
Shuangqiao
24%
Weiye Road
24%
West Guihua Road
24%
West Wenyi Road
24%
Wulian
24%
Wushanqiancun
24%
Xingmin
24%
Xingqiao
24%
Xipu Road
24%
Yicheng Road
24%
Yingfeng Road
24%
Yongjiang Road
24%
Yuanbaotang
24%
Yudao
24%
Babaili
18%
Chaowang Road
18%
Chuyun Road
18%
Dingqiao
18%
Dongyue
18%
Dujiaqiao
18%
Gangcheng Avenue
18%
Gaojiao Road
18%
Gaoqiao
18%
Haichuangyuan
18%
Hongyuan
18%
Huafeng Road
18%
Huangheshan
18%
Huayuangang
18%
Jiangdong'er Road
18%
Jianghehui
18%
Jiuzhou Street
18%
Kehai Road
18%
Lin'an Square
18%
Linpingnan Railway Station
18%
Pingfeng
18%
Pinglan Road
18%
Qiaotoubao
18%
Qilun Square
18%
Renmin Road
18%
Taohuahu Park
18%
Wujiajiaogang
18%
Xiaming Street
18%
Xiangyang Road
18%
Xingang
18%
Xinjie
18%
Yangbeihu
18%
Yisheng Road
18%
Yongfu
18%
Yongsheng Road
18%
Zhenning Road
18%
Zhipu Road
18%
Zhongtai
18%
Chuangming Road
12%
Cuibai Road
12%
East Safari Park
12%
Fuyang Coach Center
12%
Gengwen Road
12%
Gongwang Street
12%
Heyu Road
12%
Huahe Street
12%
Huawu
12%
Jingchang Road
12%
Jiumu Road
12%
Kanshan
12%
Liansheng Road
12%
Middle Qingliu Road
12%
North Longzhou Road
12%
Quanfeng
12%
Shouxiang
12%
Tongxie Road
12%
Xiangshan Campus, China Academy of Art
12%
Xiangyuan Road
12%
Xingyi
12%
Xinhan Road
12%
Xinwan Road
12%
Xinye Road
12%
Yinhu
12%
Yuhang Road
12%
Zhejiang A&F University
12%
Zhixing Road
12%
Zhongcun
12%
Cangbeicun
6%
Fengloucun
6%
Fengxin Road
6%
Gongshang University Yunbin
6%
Hangzhou Grand Convention and Exhibition Center
6%
Hehuan Road
6%
Huxiaoxing
6%
Jinde Road
6%
Nanfeng
6%
Qiushan Avenue
6%
Tangjiacun
6%
Tangxinxian
6%
Wuzhou Road
6%
Xinxing Road
6%
Yingzhong
6%
Zhejiang Conservatory of Music
6%
Ducheng Ecopark
0%
Hezhuang Road
0%
Qicheng Road
0%
Qingshanhu Sci-tech City
0%
Qingxisan Road
0%
South Hongpu Road
0%
Tiaoxi
0%
Xinzhen Road
0%
Yipeng
0%
No matching quizzes found
Score Distribution
Percent of People with Each Score
Percentile by Number Answered
Your Score History
You have not taken this quiz